00405nam a2200157Ia 4500003000400000005001700004008004100021020001800062040000900080082001500089100001600104245006400120260004000184300000900224650001400233OSt20200925131526.0190216s9999||||xx |||||||||||||| ||und|| a9788173713606 coclc a548bTAR/B aTareen, Jak 0aA Basic Course In Crystallography /cJak Tareen ; TRN Kutty bUniversity Press,c2001.aHyderbad: a193p aChemistry